Journal of archaeological method and theory
| Título anterior: | Archaeological method and theory |
|---|---|
| Formato: | Electrónico Revista |
| Lenguaje: | inglés |
| Publicado: |
The Netherlands :
Plenum Publishing Corporation,
1994-
[Dordrecht] : Kluwer Academic/Plenum Publishing New York : Springer |
| Materias: | |
| Acceso en línea: | Full text available from Research Library: 03/01/1997 to 1 year ago |
MARC
| LEADER | 00000nas a2200000 a 4500 | ||
|---|---|---|---|
| 001 | ssj0006200 | ||
| 003 | WaSeSS | ||
| 005 | 20200512172242.0 | ||
| 006 | m d | ||
| 007 | cr n | ||
| 008 | 000601c19949999nyuqr p s 0 0eng c | ||
| 010 | |a 2004233369 | ||
| 015 | |a 17,O11 |2 dnb | ||
| 016 | 7 | |a 020510373 |2 DE-101 | |
| 016 | 7 | |a 2016666-7 |2 DE-600 | |
| 016 | 7 | |a 012433672 |2 Uk | |
| 022 | |a 1573-7764 |l 1072-5369 |y 1072-5369 | ||
| 035 | |a (WaSeSS)ssj0006200 | ||
| 040 | |a OH1 |b eng |c OH1 |d OCLCQ |d MUQ |d OCLCQ |d GUA |d F#A |d OCLCQ |d NSD |d EYM |d HUL |d MYG |d OCLCQ |d BUF |d OCLCF |d OCLCQ |d DEBBG |d WT2 |d GWDNB |d OCLCO |d OCLCQ |d SHS |d GEBAY |d OCLCO |d OCLCQ |d OCLCA |d EZC |d AU@ |d OCLCO |d UKMGB |d VT2 |d OCLCA |d DLC |d OCLCQ |d WaSeSS | ||
| 042 | |a pcc | ||
| 050 | 0 | 0 | |a CC75 |
| 082 | 0 | 4 | |a 930.1 |
| 130 | 0 | |a Journal of archaeological method and theory (Online) | |
| 245 | 1 | 0 | |a Journal of archaeological method and theory |h [electronic resource]. |
| 260 | |a The Netherlands : |b Plenum Publishing Corporation, |c 1994- | ||
| 260 | 2 | |3 <1999-2004> : |a [Dordrecht] : |b Kluwer Academic/Plenum Publishing | |
| 260 | 3 | |3 <2005-> : |a New York : |b Springer | |
| 310 | |a Quarterly | ||
| 362 | 1 | |a Began with: Vol. 1, no. 1 (Mar. 1994). | |
| 506 | |a License restrictions may limit access. | ||
| 588 | 0 | |a Vol. 1, no. 1 (Mar. 1994; title from cover (SpringerLink, viewed Nov. 12, 2009). | |
| 588 | 1 | |a Vol. 26, issue 3 (Sept. 2019) (SpringerLink, viewed Nov. 21, 2019). | |
| 650 | 0 | |a Archaeology |x Methodology |v Periodicals. | |
| 650 | 0 | |a Archaeology |x Philosophy |v Periodicals. | |
| 650 | 6 | |a Archéologie |x Méthodologie |v Périodiques. | |
| 650 | 6 | |a Archéologie |x Philosophie |v Périodiques. | |
| 650 | 7 | |a Archaeology |x Methodology. |2 fast |0 (OCoLC)fst00812969 | |
| 650 | 7 | |a Archaeology |x Philosophy. |2 fast |0 (OCoLC)fst00812975 | |
| 650 | 7 | |a Archäologie |2 gnd | |
| 650 | 7 | |a Theorie |2 gnd | |
| 650 | 7 | |a Zeitschrift |2 gnd | |
| 650 | 7 | |a Online-Ressource |2 gnd | |
| 650 | 7 | |a Methode |2 gnd | |
| 655 | 0 | |a Electronic journals. | |
| 776 | 0 | 8 | |i Print version: |t Journal of archaeological method and theory |x 1072-5369 |w (DLC) 94655046 |w (OCoLC)29000783 |
| 780 | 0 | 0 | |t Archaeological method and theory |w (DLC) 2009235460 |w (OCoLC)300379615 |
| 850 | |a DLC | ||
| 856 | 4 | 0 | |z Full text available from Research Library: 03/01/1997 to 1 year ago |u https://search.proquest.com/publication/326262 |